| 000 | 00839nam a2200241 a 4500 | ||
|---|---|---|---|
| 005 | 20231021063618.0 | ||
| 008 | 020121s2000 r 000 0 eng d | ||
| 020 | _a8478693548 | ||
| 035 | _aUPN01000114783 | ||
| 049 | _aCG | ||
| 050 | 4 |
_aLB1049 _bA9.6 |
|
| 100 | 1 | _aAyala Flores, Carlos L. | |
| 245 | 1 | 0 |
_aProgramas para la estimulación de las habilidades de la inteligencia : _bestrategias de regulación y motivación para aprender / _cCarlos L. Ayala Flores, Carlos Yuste Hernanz. |
| 260 |
_aMadrid : _bCEPE, _c2000. |
||
| 300 |
_a128 p. : _bil. |
||
| 440 | 0 |
_aProgresint ; _v31 |
|
| 650 | 4 |
_aMétodos de estudio _94280 |
|
| 650 | 7 |
_aEstrategias educativas _2 _91510 |
|
| 700 | 1 |
_aYuste Hernanz, Carlos _ecoaut. _929510 |
|
| 740 | 0 | _aEstrategias de regulación y motivación para aprender | |
| 905 | _aLibro | ||
| 999 |
_c88597 _d88597 |
||